000 00980nam a2200265 4500
003 OSt
005 20260530113902.0
008 260422b1972 sp |||| |||| 00| 0 spa d
040 _aICI
_bspa
_cICI
050 _aD119
_bP56 2015
100 1 _aPirenne, Henri,
_d1862-1935,
_932430
240 1 4 _aLes villes du Moyen Âge.
_lEspañol
245 1 4 _aLas ciudades de la Edad Media /
_cHenri Pirenne ; [traducción de Francisco Calvo Serraller]
264 1 _bAlianza Editorial,
_c1972
_aMadrid :
300 _a167 páginas
_c18 cm
336 _atexto
_2rdacontent
337 _asin medio
_2rdamedia
338 _avolumen
_2rdacarrier
490 0 _aEl libro de bolsillo. Historia
650 4 _aEdad Media
_xAspectos económicos
_932431
650 4 _aCiudades y pueblos
_xEdad Media |x Historia
_932432
700 1 _aCalvo Serraller, F. |q (Francisco),
_d1948-
_etraductor
_932433
700 1 _tVilles du Moyen Âge
_d1862-1935
_iTraduccion de: |a Pirenne, Henri,
_932434
942 _2lcc
_cBK
999 _c11824
_d11824